000 00838nas a2200253 4500
001 BR9212733
003 BR-BrBNA
005 20231205094753.0
007 ta
008 230509b bl.|||p| |||| 00| 00por d
040 _aBR-BrBNA
_bpor
_cBiblioteca Nacional de Agricultura
041 _a(Pt)
072 _aH60
100 1 _aMelo, A.M.L.T. de
100 1 _aWnaderley, L.J. da G.
100 1 _aMelo, P.C.T. de
245 1 _aInseticidadas no controle da Plutella xyslostella (Maculipenis)(Lepidoptera plutellidae)em conve-flor Brassica oleracea var. bot rutis
650 _aCouve-Flor
650 _aInseticida
650 _aControle Quimico
773 0 _tPesquisa Agropecuaria Pernambucana (Brazil)
_xISSN 0100-8501
_g(Jan-Dec 1980), no. 4 p. 81-87
_wBR9212733
909 _a202311
_bLúcia
_c55
_dLúcia Elande
942 _2AGRIS
_n0
_cANA
999 _c146737
_d146737